[Event "24e tournoi de Noël"]
[Site "Montigny le Bretonneux"]
[Date "2025.12.30"]
[Round "7.13"]
[White "Couradin, Jean-Marie"]
[Black "Foveau, Guillaume"]
[Result "1-0"]
[WhiteElo "1628"]
[BlackElo "1598"]
[Annotator "Rivier,Sylvain"]
[PlyCount "108"]
[EventDate "2025.??.??"]
[WhiteTeam "La Dame Noire"]
[BlackTeam "La Dame Noire"]

{Défense française} 1. e4 e6 2. c4 d5 3. exd5 exd5 4. cxd5 Nf6 5. Nc3 Nxd5 6.
Bc4 Nxc3 7. bxc3 Bd6 8. Qe2+ Qe7 9. Nf3 Qxe2+ 10. Bxe2 O-O 11. O-O Re8 12. Re1
Bg4 13. Bb2 Nc6 14. h3 Bf5 15. Bb5 Bd7 16. d4 a6 17. Bd3 Rxe1+ 18. Rxe1 Re8 19.
Kf1 Rxe1+ 20. Kxe1 h6 21. Nd2 g5 22. g4 Ne7 23. Ne4 Kg7 24. Nxd6 cxd6 25. c4 d5
26. c5 f5 27. f3 fxg4 28. hxg4 h5 29. gxh5 Kh6 30. Kf2 Kxh5 31. Bc1 Nc6 32. Be3
Nb4 33. Bb1 Nc6 34. a3 Ne7 35. Bc2 Nf5 36. Bb3 Nxe3 37. Kxe3 Bc6 38. a4 Kh4 39.
Bd1 Kg3 40. a5 Bb5 41. Bb3 Bc6 42. Bd1 Kg2 43. f4 gxf4+ 44. Kxf4 Kf2 45. Ke5
Ke3 46. Bb3 Kd3 47. Bxd5 Bxd5 48. Kxd5 Kc3 49. Ke5 Kc4 50. d5 Kxc5 51. d6 Kb5
52. d7 Kxa5 53. d8=Q+ b6 54. Qd6 Ka4 1-0

[Event "24e tournoi de Noël"]
[Site "Montigny le Bretonneux"]
[Date "2025.12.30"]
[Round "7.14"]
[White "Gauthier, Laurent"]
[Black "Archet, Jean-Claude"]
[Result "1-0"]
[WhiteElo "1804"]
[BlackElo "1518"]
[Annotator "Rivier,Sylvain"]
[PlyCount "59"]
[EventDate "2025.??.??"]
[WhiteTeam "Les Tours d'Angoulême"]
[BlackTeam "Club 608 d'Echecs Paris"]

{Défense française, variante classique} 1. d4 d5 2. Nc3 Nf6 3. Bg5 e6 4. e4
dxe4 5. Nxe4 Be7 6. Bxf6 Bxf6 7. Nf3 O-O 8. c3 b6 9. Bd3 Ba6 10. Bxa6 Nxa6 11.
Qd3 Nb8 12. Nxf6+ Qxf6 13. Ne5 Rd8 14. Qe4 c6 15. Nxc6 Nxc6 16. Qxc6 Qe7 17.
O-O Rdc8 18. Qe4 b5 19. Rac1 b4 20. c4 a5 21. Rfd1 Qc7 22. b3 a4 23. f4 axb3
24. axb3 Ra3 25. Rb1 Qc6 26. Qxc6 Rxc6 27. d5 exd5 28. Rxd5 Ra8 29. Rb5 Rac8
30. Rxb4 1-0

[Event "24e tournoi de Noël"]
[Site "Montigny le Bretonneux"]
[Date "2025.12.30"]
[Round "7.15"]
[White "Bouloc, Roger"]
[Black "Meddour, Ithri"]
[Result "0-1"]
[WhiteElo "1419"]
[BlackElo "1645"]
[Annotator "Rivier,Sylvain"]
[PlyCount "80"]
[EventDate "2025.??.??"]
[WhiteTeam "La Dame Noire"]
[BlackTeam "Saint-Quentin en Yvelines"]

{Défense française, variante Tarrasch} 1. e4 e6 2. d4 d5 3. Nd2 f5 4. exf5
exf5 5. Ngf3 Nd7 6. Bd3 g6 7. O-O Ngf6 8. Re1+ Ne4 9. c4 c6 10. a3 Bg7 11. b4
O-O 12. Qb3 Ndf6 13. h3 Be6 14. Ne5 Nd7 15. Ndf3 Nxe5 16. Nxe5 Bxe5 17. dxe5
Qh4 18. Bxe4 fxe4 19. Qg3 Qd8 20. Bg5 Qb6 21. Bf6 Qd4 22. c5 b6 23. Rac1 b5 24.
h4 Qd2 25. h5 Qh6 26. hxg6 Qxg6 27. Rc3 d4 28. Qxg6+ hxg6 29. Rg3 Bf5 30. Kf1
Rf7 31. Ke2 Rh7 32. Rd1 d3+ 33. Ke3 Kf7 34. f3 exf3 35. gxf3 Ke6 36. f4 a5 37.
Kf2 axb4 38. axb4 Ra2+ 39. Kg1 Be4 40. Rdxd3 Rh1# 0-1

[Event "24e tournoi de Noël"]
[Site "Montigny le Bretonneux"]
[Date "2025.12.30"]
[Round "7.16"]
[White "El Hamoui, Noah"]
[Black "Couradin, Bruno"]
[Result "0-1"]
[WhiteElo "1517"]
[BlackElo "1517"]
[Annotator "Rivier,Sylvain"]
[PlyCount "160"]
[EventDate "2025.??.??"]
[WhiteTeam "Saint-Quentin en Yvelines"]
[BlackTeam "La Dame Noire"]

{Ouverture du pion dame} 1. d4 d6 2. Nf3 Nf6 3. Bg5 Nbd7 4. e3 h6 5. Bh4 e6 6.
Bd3 Be7 7. c3 e5 8. Nbd2 Nd5 9. Bxe7 Qxe7 10. g3 N7f6 11. e4 Nb6 12. O-O O-O
13. Re1 Bg4 14. dxe5 dxe5 15. Qc2 Rad8 16. Rad1 Rd6 17. Be2 Rfd8 18. Nh4 Bxe2
19. Rxe2 g6 20. Rde1 Qd7 21. Ndf3 Qe6 22. b3 Rd3 23. Rd2 Rxd2 24. Nxd2 Qd6 25.
Ndf3 Nc8 26. Ng2 Ne7 27. Ne3 Nc6 28. Rd1 Qe7 29. Nd5 Qd6 30. Kg2 Kg7 31. Nh4
Nxd5 32. exd5 Ne7 33. c4 b6 34. Qc3 Kh7 35. Nf3 f6 36. b4 c5 37. b5 Nf5 38. a4
Re8 39. Re1 Nd4 40. a5 f5 41. axb6 axb6 42. Ra1 Re7 43. Ra2 Nxf3 44. Qxf3 e4
45. Qc3 Rf7 46. Ra8 Qf6 47. Qxf6 Rxf6 48. Ra7+ Kg8 49. Rc7 Kf8 50. Rc8+ Ke7 51.
Kf1 g5 52. h4 f4 53. gxf4 gxf4 54. Kg2 h5 55. Rc7+ Kd8 56. Rh7 f3+ 57. Kf1 Rf5
58. Rh6 Kc7 59. Ke1 Re5 60. Kd2 Kb7 61. Ke3 Kc7 62. Rg6 Re8 63. Rf6 Ra8 64.
Rf7+ Kd6 65. Kxe4 Ra4 66. Rf6+ Kc7 67. d6+ Kd7 68. Kd5 Ra2 69. Rxf3 Rd2+ 70.
Ke4 Rd4+ 71. Ke5 Rxc4 72. Rf4 Rxf4 73. Kxf4 Kxd6 74. Ke4 Ke6 75. f3 Kd6 76. f4
Ke6 77. f5+ Kf6 78. Kd5 Kxf5 79. Kc6 c4 80. Kxb6 c3 0-1

[Event "24e tournoi de Noël"]
[Site "Montigny le Bretonneux"]
[Date "2025.12.30"]
[Round "7.17"]
[White "Pages, Clement"]
[Black "Naamane, Adem"]
[Result "1/2-1/2"]
[WhiteElo "1433"]
[BlackElo "1299"]
[Annotator "Rivier,Sylvain"]
[PlyCount "94"]
[EventDate "2025.??.??"]
[WhiteTeam "L'Hay les Roses Echecs et Mat"]
[BlackTeam "Club d'Echecs de Guyancourt"]

{Partie du pion dame} 1. d4 d5 2. e4 dxe4 3. Nc3 Nf6 4. Bg5 Bg4 5. Be2 Bxe2 6.
Ngxe2 Nbd7 7. O-O c6 8. Ng3 Qb6 9. Ngxe4 Nxe4 10. Nxe4 g6 11. Re1 Qc7 12. Qe2
O-O-O 13. a4 h6 14. Be3 f5 15. Nc5 Nxc5 16. dxc5 f4 17. Qg4+ Qd7 18. Qxd7+ Rxd7
19. Bxf4 Bg7 20. Be5 Bxe5 21. Rxe5 Kd8 22. Rae1 Rf8 23. h3 Rd2 24. R5e2 Rxe2
25. Rxe2 Rf5 26. b4 a5 27. bxa5 Rxc5 28. Re6 Rg5 29. f4 Kd7 30. Re5 Rxe5 31.
fxe5 Ke6 32. Kf2 Kxe5 33. Ke3 c5 34. Kd3 Kd6 35. c3 Kd5 36. c4+ Kd6 37. Ke4 e5
38. g3 Ke6 39. g4 g5 40. Ke3 Kf6 41. Ke4 Ke6 42. Kf3 Kf6 43. Kg3 e4 44. Kf2 Ke5
45. Ke3 Kf6 46. Kxe4 Ke6 47. Ke3 Ke5 1/2-1/2

[Event "24e tournoi de Noël"]
[Site "Montigny le Bretonneux"]
[Date "2025.12.30"]
[Round "7.18"]
[White "Orfila, Hugo"]
[Black "Un, Prathna"]
[Result "0-1"]
[WhiteElo "1413"]
[BlackElo "1399"]
[Annotator "Rivier,Sylvain"]
[PlyCount "120"]
[EventDate "2025.??.??"]
[WhiteTeam "Club d'Echecs de Guyancourt"]
[BlackTeam "La Dame Noire"]

{Défense des deux cavaliers} 1. e4 Nc6 2. Nf3 e5 3. Bc4 Nf6 4. Nc3 Bb4 5. a3
Bxc3 6. dxc3 Nxe4 7. Qe2 d5 8. Ba2 Bg4 9. h3 Bf5 10. c4 d4 11. g4 Bg6 12. Nh4
Qxh4 13. b3 O-O 14. Bb2 Rad8 15. b4 b6 16. Rh2 Rd6 17. O-O-O Rfd8 18. c5 bxc5
19. bxc5 Rf6 20. f3 Nxc5 21. Kb1 d3 22. Qe1 dxc2+ 23. Rxc2 Bxc2+ 24. Kxc2 Qxe1
25. Rxe1 Re8 26. Bxe5 Nxe5 27. g5 Rxf3 28. Bd5 g6 29. Bxf3 Kf8 30. Bh1 Ncd3 31.
Rb1 c5 32. Be4 Nf2 33. Bg2 Nc4 34. Bc6 Re3 35. Rb8+ Kg7 36. Rb7 Rxa3 37. Bd5
Nd6 38. Rd7 Nxh3 39. Kb2 Ra6 40. Bc4 Nxc4+ 41. Kc3 Ne5 42. Rd5 Nf3 43. Rxc5
Nhxg5 44. Kd3 Rd6+ 45. Ke3 h5 46. Kf2 h4 47. Kg2 h3+ 48. Kg3 Ne4+ 49. Kxh3 Nxc5
50. Kg4 Ne5+ 51. Kf4 Kf6 52. Ke3 a5 53. Kf4 a4 54. Kg3 a3 55. Kf2 a2 56. Ke1
a1=Q+ 57. Kf2 Rd3 58. Ke2 Qa2+ 59. Ke1 Rh3 60. Kf1 Rh1# 0-1

[Event "24e tournoi de Noël"]
[Site "Montigny le Bretonneux"]
[Date "2025.12.30"]
[Round "7.19"]
[White "Orfila, Leila"]
[Black "Boussaid, Kais"]
[Result "1-0"]
[WhiteElo "1299"]
[BlackElo "1299"]
[Annotator "Rivier,Sylvain"]
[PlyCount "49"]
[EventDate "2025.??.??"]
[WhiteTeam "Club d'Echecs de Guyancourt"]
[BlackTeam "La Dame Noire"]

{Partie italienne} 1. e4 e5 2. Nf3 Nc6 3. Bc4 Bc5 4. O-O Nf6 5. Nc3 O-O 6. d3
d6 7. h3 Be6 8. Bb3 Bxb3 9. axb3 d5 10. Bg5 d4 11. Nd5 Be7 12. Nxe7+ Qxe7 13.
c3 h6 14. Bd2 Rfd8 15. Ra4 b5 16. Ra6 Rd6 17. Nh4 g6 18. Bxh6 b4 19. Qd2 bxc3
20. bxc3 Kh7 21. Nf5 gxf5 22. Qg5 Rg8 23. Qh4 dxc3 24. Bf8+ Kg6 25. Qh6# 1-0

[Event "24e tournoi de Noël"]
[Site "Montigny le Bretonneux"]
[Date "2025.12.30"]
[Round "7.20"]
[White "Julien Maigne, Marius"]
[Black "Carbonero, Jean Marc"]
[Result "1-0"]
[WhiteElo "1299"]
[BlackElo "1399"]
[Annotator "Rivier,Sylvain"]
[PlyCount "55"]
[EventDate "2025.??.??"]
[WhiteTeam "La Dame Noire"]
[BlackTeam "La Dame Noire"]

{Gambit dame} 1. d4 d5 2. c4 Nf6 3. cxd5 Nxd5 4. e4 Nb6 5. Nf3 e6 6. Nc3 Be7 7.
Bb5+ Bd7 8. Bf4 a6 9. Bxd7+ N8xd7 10. Qd2 O-O 11. Rc1 Nc4 12. Qe2 Ndb6 13. O-O
Nd6 14. Rfd1 Ne8 15. b3 Nf6 16. h3 Ba3 17. Rc2 Qe7 18. Nb1 Rac8 19. Nxa3 Qxa3
20. Bxc7 Qe7 21. Bxb6 Nd7 22. Ba5 b6 23. Be1 b5 24. Rdc1 Rfd8 25. Rxc8 Qe8 26.
Qc2 Kf8 27. Ba5 Ke7 28. Rxd8 1-0

[Event "24e tournoi de Noël"]
[Site "Montigny le Bretonneux"]
[Date "2025.12.30"]
[Round "7.3"]
[White "Langner, Jasper"]
[Black "Bielle, Lucas"]
[Result "1-0"]
[WhiteElo "2052"]
[BlackElo "1904"]
[Annotator "Rivier,Sylvain"]
[PlyCount "173"]
[EventDate "2025.??.??"]
[BlackTeam "CE Le Roi Soleil - Le Chesnay - Versailles"]

{Défense sicilienne, variante Taïmanov} 1. e4 c5 2. Nf3 e6 3. d4 cxd4 4. Nxd4
Nf6 5. Nc3 Nc6 6. Be2 Bb4 7. O-O Bxc3 8. bxc3 Nxe4 9. Nxc6 dxc6 10. Bd3 Nf6 11.
Ba3 Qc7 12. Rb1 e5 13. Re1 Be6 14. Qe2 Nd7 15. Bc4 Bxc4 16. Qxc4 Nb6 17. Qg4 h5
18. Qxg7 O-O-O 19. Rxe5 Nc4 20. Be7 Qb6 21. Ree1 Rhe8 22. Bb4 c5 23. Qxf7 Nd6
24. Qxh5 cxb4 25. cxb4 Rxe1+ 26. Rxe1 Qxb4 27. Rd1 Re8 28. h3 Re1+ 29. Rxe1
Qxe1+ 30. Kh2 Qxf2 31. Qg4+ Nf5 32. Qc4+ Kd7 33. Qd5+ Nd6 34. Qa5 a6 35. Qa4+
Kc7 36. c3 Qc5 37. Qb3 Qe5+ 38. Kg1 Ne4 39. Qf7+ Kb8 40. c4 Qc5+ 41. Kh1 Nd6
42. Qf8+ Kc7 43. Qe7+ Kc6 44. a4 Qxc4 45. a5 Qc1+ 46. Kh2 Qf4+ 47. Kh1 Qe4 48.
Qd8 Qe1+ 49. Kh2 Qb4 50. h4 Qf4+ 51. Kg1 Qe3+ 52. Kh2 Qe5+ 53. Kg1 Nc4 54. Qc8+
Kb5 55. Qxb7+ Kxa5 56. Qh7 Qc5+ 57. Kh1 Ne3 58. Qe4 Qc1+ 59. Kh2 Nf1+ 60. Kh3
Qc8+ 61. Qg4 Qc3+ 62. g3 Ne3 63. Qe4 Qe1 64. h5 Qf1+ 65. Kh4 Qf6+ 66. Kh3 Qg5
67. Qg6 Qxg6 68. hxg6 Nf5 69. Kg4 Ng7 70. Kg5 Kb6 71. g4 Kc6 72. Kf6 Ne8+ 73.
Ke7 Ng7 74. Kf7 a5 75. Kxg7 a4 76. Kh7 a3 77. g7 a2 78. g8=Q a1=Q 79. Qg6+ Kd5
80. Qf5+ Kd6 81. Kg6 Ke7 82. Qf7+ Kd8 83. Qf6+ Qxf6+ 84. Kxf6 Ke8 85. Kg7 Ke7
86. g5 Ke6 87. g6 1-0